Ginecología / (Registro nro. 528)
[ vista simple ]
| 000 -LEADER | |
|---|---|
| fixed length control field | 01198 am a2200313 a 4500 |
| 005 - FECHA ULTIMA MODIFICACION | |
| control field | 20240618132828.0 |
| 008 - CAMPO DE CONTROL (LIBRO) | |
| fixed length control field | 100804s2002||||ag a f |||| 001 0 spa d |
| 020 ## - INTERNATIONAL STANDARD BOOK NUMBER | |
| ISBN | 9500604272 |
| 041 ## - CODIGO DE IDIOMA | |
| Código de idioma del texto/pista de sonido o título separado | spa |
| 092 ## - SIGNATURA TOPOGRAFICA DEWEY LOCAL | |
| número de clasificación | 618 |
| libristica | 13 |
| sección | COP |
| 100 1# - ENTRADA PRINCIPAL--NOMBRE PERSONAL | |
| Nombre personal | Copeland, Larry J. |
| 9 (RLIN) | 1004 |
| 245 ## - TITULO PROPIAMENTE DICHO | |
| Título | Ginecología / |
| Mención de responsabilidad y remanente de la transcripción de la portada | Larry J. Copeland. |
| 250 ## - MENCION DE EDICION | |
| Mención de edición | 2a ed. |
| Mención de responsabilidad relacionada con la ed. | Traducción Mario Dvorkin ; Jorge Frydman ; Carolina Herr ; Marisa Maiocchi ; Nora Meeroff ; Marta Papponetti ; Ubaldo Patrone ; Silvia Rondinone ; Hugo E. Silva y Karina Tzal |
| 260 ## - PIE DE IMPRENTA | |
| Lugar de publicación, distribución, etc | Buenos Aires: |
| Nombre de la editorial, distribuidor, etc | Editorial Médica Panamericana; |
| Fecha de publicación | 2002. |
| 300 ## - DESCRIPCION FISICA | |
| Extension | 1658 p. |
| 500 ## - NOTA GENERAL | |
| Nota general | Copeland, L. J. y Jarrell, J. F. (Ed.). (2002). Ginecología. (2a ed.). Buenos Aires : Editorial Médica Panamericana. |
| 653 ## - TÉRMINO INDIZADO - PALABRAS CLAVES | |
| Palabra clave | Fundación científica de ginecología |
| 653 ## - TÉRMINO INDIZADO - PALABRAS CLAVES | |
| Palabra clave | Reproducción |
| 653 ## - TÉRMINO INDIZADO - PALABRAS CLAVES | |
| Palabra clave | Ginecología general |
| 653 ## - TÉRMINO INDIZADO - PALABRAS CLAVES | |
| Palabra clave | Infecciones ginecológicas |
| 653 ## - TÉRMINO INDIZADO - PALABRAS CLAVES | |
| Palabra clave | Cirugía ginecológica |
| 653 ## - TÉRMINO INDIZADO - PALABRAS CLAVES | |
| Palabra clave | Problemas uroginecológicas y de sostén del piso pelviano |
| 653 ## - TÉRMINO INDIZADO - PALABRAS CLAVES | |
| Palabra clave | Enfermedades mamarias |
| 653 ## - TÉRMINO INDIZADO - PALABRAS CLAVES | |
| Palabra clave | Oncología |
| 700 1# - ENTRADAS SECUNDARIAS - NOMBRE PERSONAL | |
| Nombre personal | Jarrell, John F, |
| Función | Ed. asociado |
| 9 (RLIN) | 1005 |
| 930 ## - NUMERO DE INVENTARIO | |
| Número de inventario | 1191 |
| 930 ## - NUMERO DE INVENTARIO | |
| Número de inventario | 1190 |
| 942 ## - ADDED ENTRY ELEMENTS (KOHA) | |
| Source of classification or shelving scheme | Dewey Decimal Classification |
| Item type | Libros |
| Estado de retiro | Existencia | Estado general | No para prestamo | Ubicación permanente | ubicación actual | Sala de ubicación | Fecha de adquisición | Total Checkouts | Total Renewals | Número de clasificación | Código de barras | Date last seen | Date last borrowed | Número de ejemplar | Price effective from | Koha tipo de elemento (item) | Fuente de clasificación | Colección | Public note |
|---|---|---|---|---|---|---|---|---|---|---|---|---|---|---|---|---|---|---|---|
| Biblioteca Medicina | Biblioteca Medicina | Circulación | 13/05/2011 | 4 | 1 | 618 13 COP | 1191 | 06/11/2014 | 07/10/2013 | ej.2 | 13/05/2011 | Libros | |||||||
| Biblioteca Medicina | Biblioteca Medicina | Referencia | 13/05/2011 | 618 13 COP | 1190 | 06/11/2014 | ej.1 | 13/05/2011 | Reference | Dewey Decimal Classification | Reference | LIBRO DE CONSULTA |